000 01193nam a2200325 i 4500
001 000037674
003 DO-SdBNP
005 20260211142000.0
007 ta
008 121115s2012 dr a 000 p spa d
020 _a9789945164824
040 _aDO-SdBNP
_bspa
_cBNPHU
_erda
041 _aspa
082 4 _aRD861.5
_bB333e
_222
100 1 _aBatista, Lourdes
_eautor
_949749
_4aut.
245 1 0 _aEn la soledad de mi cama /
_cLourdes Batista ; diseño e ilustraciones, Yoni Cruz ; fotografía, Carlos Sánchez.
250 _aPrimera edición
264 4 _aSanto Domingo, República Dominicana :
_bEditora Búho,
_c©2012.
300 _a45 páginas :
_bilustraciones ;
_c22 cm.
336 _atexto
_btxt
_2rdacontent
337 _asin mediación
_bn
_2rdamedia
338 _avolumen
_bnc
_2rdacarrier
500 _aIncluye datos biográficos de la autora en la contraportada
500 _aIlustración de la pagina 12 a partir de una fotografía de Pedro Méndez.
590 _aInventariado, 2019 /BT
700 1 _aCruz, Yoni,
_eilustrador
_4il.
_988861
700 1 _aSánchez, Carlos,
_efotografo
_4fot.
_955867
910 _aValidado. Control de calidad MFF
942 _2ddc
_cLBS1
999 _c37164
_d37164